<?xml version="1.0" encoding="UTF-8"?>
<collection xmlns:xsi="http://www.w3.org/2001/XMLSchema-instance" xsi:schemaLocation="http://www.loc.gov/MARC21/slim http://www.loc.gov/standards/marcxml/schema/MARC21slim.xsd" xmlns="http://www.loc.gov/MARC21/slim">
 <record>
  <leader>00000cam a22000004i 4500</leader>
  <controlfield tag="001">UP-99796217612203018</controlfield>
  <controlfield tag="003">Buklod</controlfield>
  <controlfield tag="005">20160816135119.0</controlfield>
  <controlfield tag="006">a     r    |||| u|</controlfield>
  <controlfield tag="007">ta</controlfield>
  <controlfield tag="008">100430s2010    ilu     rb   |001 0|eng d</controlfield>
  <datafield tag="020" ind1=" " ind2=" ">
   <subfield code="a">9780252077524</subfield>
  </datafield>
  <datafield tag="035" ind1=" " ind2=" ">
   <subfield code="a">(iLib)UPD-00257509730</subfield>
  </datafield>
  <datafield tag="040" ind1=" " ind2=" ">
   <subfield code="a">DLC</subfield>
   <subfield code="d">DAC</subfield>
   <subfield code="e">rda</subfield>
  </datafield>
  <datafield tag="041" ind1=" " ind2=" ">
   <subfield code="a">eng</subfield>
  </datafield>
  <datafield tag="042" ind1=" " ind2=" ">
   <subfield code="a">DMLUC</subfield>
  </datafield>
  <datafield tag="090" ind1=" " ind2=" ">
   <subfield code="a">TX 724.5 J3</subfield>
   <subfield code="b">J36 2010</subfield>
  </datafield>
  <datafield tag="245" ind1="0" ind2="0">
   <subfield code="a">Japanese foodways, past and present</subfield>
   <subfield code="c">edited by Eric C. Rath and Stephanie Assmann.</subfield>
  </datafield>
  <datafield tag="264" ind1=" " ind2="1">
   <subfield code="a">Urbana</subfield>
   <subfield code="b">University of Illinois Press</subfield>
   <subfield code="c">[2010]</subfield>
  </datafield>
  <datafield tag="300" ind1=" " ind2=" ">
   <subfield code="a">290 pages</subfield>
   <subfield code="b">illustrations</subfield>
   <subfield code="c">25 cm</subfield>
  </datafield>
  <datafield tag="336" ind1=" " ind2=" ">
   <subfield code="a">text</subfield>
   <subfield code="2">rdacontent</subfield>
  </datafield>
  <datafield tag="337" ind1=" " ind2=" ">
   <subfield code="a">unmediated</subfield>
   <subfield code="2">rdamedia</subfield>
  </datafield>
  <datafield tag="338" ind1=" " ind2=" ">
   <subfield code="a">volume</subfield>
   <subfield code="2">rdacarrier</subfield>
  </datafield>
  <datafield tag="504" ind1=" " ind2=" ">
   <subfield code="a">Includes bibliographical references and index.</subfield>
  </datafield>
  <datafield tag="505" ind1="0" ind2=" ">
   <subfield code="a">Honzen dining : the poetry of formal meals in late medieval and early modern Japan / Eric C. Rath -- &quot;How to eat the ten thousand things&quot; : table manners in the Edo period / Michael Kinski -- &quot;Stones for the belly&quot; : kaiseki cuisine for tea during the early Edo period / Gary Såoka Cadwaller and Joseph R. Justice -- Meat-eating in the Kåojimachi district of Edo / Akira Shimizu -- Wine-drinking culture in seventeenth-century Japan : the role of Dutch merchants / Joji Nozawa -- The history of domestic cookbooks in modern Japan / Shoko Higashiyotsuyanagi  -- Imperial cuisines in Taishåo foodways / Barak Kushner -- Beyond hunger : grocery shopping, cooking, and eating in 1940s Japan / Katarzyna Cwiertka and Miho Yasuhara -- Råamen and U.S. occupation policy / George Solt -- Bentåo : boxed love, eaten by the eye / Tomoko Onabe -- Mountain vegetables and the politics of local flavor in Japan / Bridget Love -- Reinventing culinary heritage in northern Japan : slow food and traditional vegetables / Stephanie Assmann -- Råamen connoisseurs : class, gender, and the Internet / Satomi Fukutomi -- Irretrievably in love with Japanese cuisine / David E. Wells.</subfield>
  </datafield>
  <datafield tag="650" ind1=" " ind2="0">
   <subfield code="a">Cooking, Japanese.</subfield>
  </datafield>
  <datafield tag="700" ind1="1" ind2=" ">
   <subfield code="a">Rath, Eric C.</subfield>
   <subfield code="d">1967-</subfield>
   <subfield code="e">editor.</subfield>
  </datafield>
  <datafield tag="700" ind1="1" ind2=" ">
   <subfield code="a">Assmann, Stephanie</subfield>
   <subfield code="d">1970-</subfield>
   <subfield code="e">editor.</subfield>
  </datafield>
  <datafield tag="905" ind1=" " ind2=" ">
   <subfield code="a">FO</subfield>
  </datafield>
  <datafield tag="852" ind1="0" ind2=" ">
   <subfield code="a">UPD</subfield>
   <subfield code="b">DAC</subfield>
   <subfield code="h">TX 724.5 J3</subfield>
   <subfield code="i">J36 2010</subfield>
  </datafield>
  <datafield tag="942" ind1=" " ind2=" ">
   <subfield code="a">Book</subfield>
  </datafield>
 </record>
</collection>
